[Event "IECG WC.2005.F.00001 email"]
[Site "IECG email"]
[Date "2006.06.05"]
[Round "?"]
[White "Bubir, Sergei"]
[Black "Hotting, Arend"]
[Result "1-0"]
[WhiteElo "2384"]
[BlackElo "2476"]
[PlyCount "47"]
[EventDate "2006.06.05"]
[EventType "tourn (corr)"]
[EventRounds "14"]
[SourceTitle "Corr 2008"]
[Source "ChessBase"]
[SourceDate "2008.06.24"]
[SourceVersion "1"]
[SourceVersionDate "2008.06.24"]
[SourceQuality "1"]

1. e4 c5 2. Nf3 d6 3. d4 cxd4 4. Nxd4 Nf6 5. Nc3 a6 6. Be3 e6 7. f3 b5 8. Qd2 Nbd7 9. g4 h6 10. 0-0-0 Bb7 11. h4 b4 12. Na4 Qa5 13. b3 Nc5 14. a3 Nxa4 15. axb4 Qc7 16. bxa4 d5 17. e5 Nd7 18. f4 Nb6 19. f5 Nxa4 20. fxe6 Nc3 21. exf7+ Kxf7 22. Bd3 Bxb4 23. Rdf1+ Kg8 24. Qf2 1-0

[Event "IECG WC.2005.F.00001 email"]
[Site "IECG email"]
[Date "2006.06.05"]
[Round "?"]
[White "Robson, Nigel"]
[Black "Hotting, Arend"]
[Result "1-0"]
[WhiteElo "2664"]
[BlackElo "2476"]
[PlyCount "45"]
[EventDate "2006.06.05"]
[EventType "tourn (corr)"]
[EventRounds "14"]
[SourceTitle "Corr 2008"]
[Source "ChessBase"]
[SourceDate "2008.06.24"]
[SourceVersion "1"]
[SourceVersionDate "2008.06.24"]
[SourceQuality "1"]

1. e4 c5 2. Nf3 d6 3. d4 cxd4 4. Nxd4 Nf6 5. Nc3 a6 6. Be3 e6 7. f3 b5 8. g4 h6 9. Qd2 Nbd7 10. 0-0-0 Bb7 11. h4 b4 12. Na4 Qa5 13. b3 Nc5 14. a3 Nxa4 15. axb4 Qc7 16. bxa4 d5 17. e5 Nd7 18. f4 Nb6 19. Rh3 Nxa4 20. Bf2 Be7 21. f5 Rc8 22. Be1 exf5 23. gxf5 1-0

[Event "IECG CM.2005.0.00274 email"]
[Site "IECG email"]
[Date "2005.04.24"]
[Round "?"]
[White "Hotting, Arend"]
[Black "Raimbert, Ronald"]
[Result "1/2-1/2"]
[WhiteElo "2482"]
[BlackElo "2458"]
[PlyCount "43"]
[EventDate "2005.04.24"]
[EventType "tourn (corr)"]
[EventRounds "6"]
[SourceTitle "Corr 2008"]
[Source "ChessBase"]
[SourceDate "2008.06.24"]
[SourceVersion "1"]
[SourceVersionDate "2008.06.24"]
[SourceQuality "1"]

1. e4 e5 2. Nf3 Nc6 3. Bb5 a6 4. Ba4 Nf6 5. 0-0 Be7 6. Re1 b5 7. Bb3 0-0 8. c3 d6 9. h3 Na5 10. Bc2 c5 11. d4 Qc7 12. Nbd2 Nc6 13. d5 Nd8 14. Nf1 Kh8 15. a4 Rb8 16. axb5 axb5 17. Ng3 g6 18. Bh6 Rg8 19. b4 c4 20. Qd2 Bd7 21. Ra3 Ne8 22. Rea1 1/2-1/2

[Event "IECG CM.2005.0.00274 email"]
[Site "IECG email"]
[Date "2005.04.24"]
[Round "?"]
[White "Marusiak, Lech"]
[Black "Hotting, Arend"]
[Result "1/2-1/2"]
[WhiteElo "2467"]
[BlackElo "2482"]
[PlyCount "71"]
[EventDate "2005.04.24"]
[EventType "tourn (corr)"]
[EventRounds "6"]
[SourceTitle "Corr 2008"]
[Source "ChessBase"]
[SourceDate "2008.06.24"]
[SourceVersion "1"]
[SourceVersionDate "2008.06.24"]
[SourceQuality "1"]

1. e4 c5 2. Nf3 d6 3. d4 cxd4 4. Nxd4 Nf6 5. Nc3 a6 6. Be3 e6 7. f3 b5 8. g4 h6 9. Qd2 Nbd7 10. 0-0-0 Bb7 11. h4 b4 12. Nce2 d5 13. Ng3 dxe4 14. g5 hxg5 15. hxg5 Rxh1 16. Nxh1 Nd5 17. g6 Qf6 18. gxf7+ Qxf7 19. fxe4 Nxe3 20. Qxe3 e5 21. Nb3 Qf4 22. Qxf4 exf4 23. Na5 Bc8 24. Nf2 Ne5 25. Rd5 Nf7 26. Bh3 Be7 27. Bf5 Bxf5 28. exf5 Rd8 29. Rxd8+ Bxd8 30. Nc6 Bb6 31. Nd3 f3 32. Kd1 Nd6 33. Ncxb4 Nxf5 34. Ke1 g5 35. Nd5 Ba7 36. Nf6+ 1/2-1/2

[Event "IECG CM.2004.0.00237 email"]
[Site "IECG email"]
[Date "2004.01.02"]
[Round "?"]
[White "Monacell, James P"]
[Black "Hotting, Arend"]
[Result "1/2-1/2"]
[WhiteElo "2463"]
[BlackElo "2475"]
[PlyCount "67"]
[EventDate "2004.01.02"]
[EventType "tourn (corr)"]
[EventRounds "6"]
[SourceTitle "Corr 2008"]
[Source "ChessBase"]
[SourceDate "2008.06.24"]
[SourceVersion "1"]
[SourceVersionDate "2008.06.24"]
[SourceQuality "1"]

1. d4 Nf6 2. c4 g6 3. Nc3 Bg7 4. e4 d6 5. Be2 0-0 6. Nf3 e5 7. 0-0 Nc6 8. d5 Ne7 9. b4 Nh5 10. Re1 f5 11. Ng5 Nf6 12. f3 Nh5 13. c5 Nf4 14. Bc4 Kh8 15. Rb1 fxe4 16. Ngxe4 Nf5 17. Be3 Nxe3 18. Rxe3 Bf5 19. Kh1 Bh6 20. Re1 Nh5 21. Bd3 Qe7 22. Qc2 Qh4 23. Kg1 Rad8 24. Rbd1 Nf4 25. a3 dxc5 26. g3 Nh3+ 27. Kg2 Qh5 28. bxc5 g5 29. Rf1 g4 30. fxg4 Bxg4 31. Be2 Nf4+ 32. gxf4 Bxf4 33. Rxf4 Rxf4 34. Ng3 1/2-1/2

[Event "IECG WC.2004.T.00006 email"]
[Site "IECG email"]
[Date "2003.08.15"]
[Round "?"]
[White "Hotting, Arend"]
[Black "Robson, Nigel"]
[Result "0-1"]
[WhiteElo "2473"]
[BlackElo "2448"]
[PlyCount "28"]
[EventDate "2003.08.15"]
[EventType "tourn (corr)"]
[EventRounds "8"]
[SourceTitle "Corr 2008"]
[Source "ChessBase"]
[SourceDate "2008.06.24"]
[SourceVersion "1"]
[SourceVersionDate "2008.06.24"]
[SourceQuality "1"]

1. e4 c5 2. Nf3 d6 3. d4 cxd4 4. Nxd4 Nf6 5. Nc3 a6 6. Be3 e5 7. Nb3 Be6 8. f3 Nbd7 9. g4 b5 10. g5 b4 11. Ne2 Nh5 12. Qd2 a5 13. Ng3 Nxg3 14. hxg3 a4 0-1

[Event "CFriend SH-2003-0-00002 email"]
[Site "Chessfriend.com"]
[Date "2003.01.19"]
[Round "?"]
[White "Epiney, Flo"]
[Black "Hotting, Arend"]
[Result "1/2-1/2"]
[WhiteElo "2281"]
[BlackElo "2475"]
[PlyCount "50"]
[EventDate "2003.01.19"]
[EventType "tourn (corr)"]
[EventRounds "12"]
[SourceTitle "Corr 2008"]
[Source "ChessBase"]
[SourceDate "2008.06.24"]
[SourceVersion "1"]
[SourceVersionDate "2008.06.24"]
[SourceQuality "1"]

1. d4 Nf6 2. c4 e6 3. Nc3 Bb4 4. Nf3 b6 5. Bg5 Bb7 6. e3 h6 7. Bh4 Bxc3+ 8. bxc3 d6 9. Nd2 Nbd7 10. f3 Qe7 11. Bd3 e5 12. e4 Nf8 13. Nf1 Ng6 14. Bf2 Nf4 15. Ne3 Nxd3+ 16. Qxd3 Nh5 17. 0-0-0 g6 18. Qc2 0-0-0 19. Rd2 Nf4 20. Kb1 Rhf8 21. Rg1 Rde8 22. Ka1 Kb8 23. d5 Bc8 24. Qb3 f5 25. exf5 gxf5 1/2-1/2